| 000 | 01043nam a2200289 i 4500 | ||
|---|---|---|---|
| 001 | bg | ||
| 003 | BPK | ||
| 005 | 20260311063437.0 | ||
| 008 | 990506s1982 pl a f f |000 0 pol | ||
| 015 | _aPB 1983/8669 | ||
| 040 |
_aWA N _cBPK |
||
| 041 | 0 | _apol | |
| 080 | _a53 | ||
| 080 | _a(075.8+076) | ||
| 245 | 0 | 0 |
_aLaboratorium fizyczne / _cCezary Bieńkowski [et al.]. |
| 260 |
_aKoszalin : _bWSI, _c1982. |
||
| 300 |
_a[2], 284 s. : _brys., wykr. ; _c24 cm. |
||
| 490 | 1 | _aSkrypty / Wyższa Szkoła Inżynierska w Koszalinie. | |
| 504 | _aBibliogr. s. 5. | ||
| 650 | 4 |
_aFizyka _xszkoły wyższe. |
|
| 655 | 4 | _aĆwiczenia i zadania dla szkół wyższych | |
| 700 | 1 |
_aBieńkowski, Cezary _eAutor |
|
| 710 | 2 |
_aWydawnictwo Uczelniane (Wyższa Szkoła Inżynierska ; Koszalin) _bWydawnictwo Uczelniane. _4pbl. |
|
| 830 | 0 | _aSkrypty - Wyższa Szkoła Inżynierska w Koszalinie | |
| 942 |
_2UKD _cKS |
||
| 856 |
_uhttp://koha.tu.koszalin.pl/cgi-bin/koha/opac-detail.pl?biblionumber=975 _yKatalog online BPK |
||
| 999 |
_c975 _d975 |
||